000 00715nam a22002297a 4500
005 20160106105036.0
010 _a ENG-114367
020 _a9789339219642
_c475.00
020 _a9339219643
_c475.00
035 _aEN-97899
037 _bDBAD/PUB
082 _a620.00151
100 _aGupta, C.B.
245 _aEngineering mathematics for semesters I and II /
_cby C.B. Gupta, S.R. Singh [and] Mukesh Kumar
260 _aNoida
_bMcGraw Hill Education
_c2015
270 _aB-4, Sector-63, Dist. Gautam Budh Nagar
_bNoida
_e201301
300 _avarious pagings
_c25cm(pbk)
500 _aIncludes index
700 _aSingh,S.R.
700 _aMukesh Kumar
942 _2ddc
_cEN
_mGUP
_h620.00151
999 _c97891
_d97891